00478nam a2200205Ia 4500003000400000005001700004008004100021020001800062040000700080041000800087082002300095100001900118245002600137250000600163260003700169300001600206365001300222650002500235650001200260OSt20250627100507.0210423s2009 xx 000 0 und d a9780070648227 cAL aeng a005.1301223bBALP aBalagurusamy E aProgramming in Ansi C a4 aNew DelhibTata McGrawhillc2009 axii,549bPB b240cINR aComputer Programming aGeneral